Proceedings of the workshop on tyre rubber, 1975, Kuala Lumpur (Record no. 34289)
[ view plain ]
| 000 -LEADER | |
|---|---|
| fixed length control field | 00314nam a2200109Ia 4500 |
| 082 ## - DEWEY DECIMAL CLASSIFICATION NUMBER | |
| Classification number | 678.065:061.31975 |
| Item number | PRO |
| 245 #0 - TITLE STATEMENT | |
| Title | Proceedings of the workshop on tyre rubber, 1975, Kuala Lumpur |
| 260 ## - PUBLICATION, DISTRIBUTION, ETC. (IMPRINT) | |
| Place of publication | Kuala Lumpur |
| Name of publisher | RRIM |
| Year of publication | 1976 |
| 650 ## - SUBJECT ADDED ENTRY--TOPICAL TERM | |
| Topical Term | Tyre rubber |
| 942 ## - ADDED ENTRY ELEMENTS (KOHA) | |
| Koha item type | Books |
| Withdrawn status | Lost status | Damaged status | Not for loan | Home library | Current library | Date acquired | Full call number | Accession Number | Koha item type |
|---|---|---|---|---|---|---|---|---|---|
| RRII Library | RRII Library | 16/12/2021 | 678.065:061.31975 PRO | 14728 | Books |